000 00740nam a2200241Ia 4500
003 OSt
005 20220927110506.0
006 a|||||r|||| 00| 0
007 ta
008 220926b |||||||| |||| 00| 0 eng d
024 _a111650
037 _cReports
040 _aRTL
_cRTL
_beng
041 _2eng
_aeng
082 _a"D24.236.N60t, K2/GD"
110 _a"Govt of India. Committee on Plan Projects, Minor Irrigation (Team)"
_9378797
245 0 _aReport on state tube-wells (Punjab)
260 _c1962
650 _aEngineering
700 _a"Govt of India. Committee on Plan Projects, Minor Irrigation (Team)"
_9378798
942 _h"D24.236.N60t, K2/GD"
_cCC
999 _c697020
_d697020